Państwa posiadające na fladze kolor czerwony. - Statystyki

Ogólne statystyki
  • Ten quiz został rozwiązany 89 razy
  • Średni wynik to 56 z 150
Statystyki odpowiedzi
Państwo: % Poprawnych
Polska
96%
Stany Zjednoczone
85%
Rosja
82%
Francja
78%
Portugalia
78%
Hiszpania
77%
Kanada
77%
Wielka Brytania
76%
Meksyk
74%
Norwegia
73%
Albania
68%
Chile
68%
Dania
68%
Monako
68%
Niemcy
68%
Białoruś
66%
Litwa
66%
Słowacja
66%
Chiny
65%
Australia
64%
Łotwa
64%
Peru
64%
Turcja
64%
Austria
62%
Belgia
62%
Kolumbia
61%
Włochy
61%
Chorwacja
59%
Czechy
59%
Islandia
58%
Malta
58%
Słowenia
58%
Szwajcaria
58%
Andora
57%
Kuba
57%
Wenezuela
57%
Ekwador
55%
Japonia
55%
Mołdawia
55%
Niderlandy
53%
Rumunia
53%
Bułgaria
51%
Nowa Zelandia
51%
Republika Południowej Afryki
51%
Serbia
51%
Węgry
51%
Dominika
50%
Dominikana
50%
Macedonia Północna
50%
Paragwaj
50%
Czarnogóra
49%
Egipt
49%
Luksemburg
47%
Panama
46%
Kostaryka
45%
Maroko
45%
Boliwia
43%
Gujana
43%
Indonezja
42%
Korea Północna
42%
Surinam
42%
Irak
39%
Iran
39%
Korea Południowa
39%
Haiti
38%
Armenia
35%
Senegal
34%
Tunezja
34%
Algieria
31%
Azerbejdżan
31%
Gruzja
31%
Gwinea Równikowa
31%
Libia
31%
Trynidad i Tobago
31%
Antigua i Barbuda
30%
Wietnam
30%
Angola
28%
Belize
28%
Fidżi
28%
Sudan
28%
Demokratyczna Republika Konga
27%
Ghana
27%
Grenada
27%
Jemen
27%
Madagaskar
27%
Mali
27%
Saint Kitts i Nevis
27%
Gwinea
26%
Seszele
26%
Tajlandia
26%
Burkina Faso
24%
Filipiny
24%
Gambia
24%
Oman
24%
Syria
24%
Kongo
23%
Laos
23%
Liban
23%
Mongolia
23%
Singapur
23%
Uganda
23%
Benin
22%
Czad
22%
Etiopia
22%
Kenia
22%
Kiribati
22%
Republika Zielonego Przylądka
22%
Tonga
22%
Zjednoczone Emiraty Arabskie
22%
Gwinea Bissau
20%
Kirgistan
20%
Liberia
20%
Malediwy
20%
Mauritius
20%
Nepal
20%
Republika Środkowoafrykańska
20%
Samoa
20%
Sudan Południowy
20%
Turkmenistan
20%
Bangladesz
19%
Erytrea
19%
Kamerun
19%
Komory
19%
Malezja
19%
Zambia
19%
Afganistan
18%
Bahrajn
18%
Eswatini
18%
Jordania
18%
Kambodża
18%
Katar
18%
Mauretania
18%
Tadżykistan
18%
Kuwejt
16%
Mjanma
16%
Tuvalu
16%
Uzbekistan
16%
Burundi
15%
Togo
15%
Zimbabwe
15%
Dżibuti
14%
Mozambik
14%
Papua Nowa Gwinea
14%
Brunei
12%
Lichtenstein
12%
Malawi
12%
Namibia
11%
Timor Wschodni
11%
Wyspy Świętego Tomasza i Książęca
5%
Vanuatu
4%
Nie znaleziono quizów pasujących do podanych kryteriów
Rozkład punktacji
Procent ludzi z każdym wynikiem
Percentyl według liczby udzielonych odpowiedzi
Twoja historia wyników
Nie rozwiązałeś tego quizu